Najdroższe transfery Barcelony w historii. - Statystyki

Ogólne statystyki
  • Ten quiz został rozwiązany 758 razy
  • Średni wynik to 8 z 10
Statystyki odpowiedzi
Sezon Cena Kraj Poprzedni klub Piłkarz % Poprawnych
13/14 88 mln Brazylia Santos Neymar
97%
17/18 135 mln Francja Borussia Dortmund Dembele
96%
14/15 82 mln Urugwaj Liverpool Suarez
96%
19/20 86 mln Holandia Ajax Amsterdam De Jong
92%
17/18 135 mln Brazylia Liverpool Coutinho
90%
19/20 120 mln Francja Atletico Madryt Griezmann
88%
09/10 70 mln Szwecja Juventus Ibrahimovic
83%
20/21 60 mln Bośnia i Hercegowina Juventus Pjanic
82%
10/11 40 mln Hiszpania Valencia Villa
47%
18/19 41 mln Brazylia Bordeaux Malcom
44%
Nie znaleziono quizów pasujących do podanych kryteriów
Rozkład punktacji
Procent ludzi z każdym wynikiem
Percentyl według liczby udzielonych odpowiedzi
Twoja historia wyników
Nie rozwiązałeś tego quizu